Pokémon commençant par la lettre R (français) - Statistiques

Statistiques générales
  • Ce quiz a été pris 526 fois
    230 depuis la dernière actualisation
  • Le résultat moyen est 35 sur 50
Statistiques - réponses
Numéro Pokémon % Correct
019 Rattata
96%
020 Rattatac
94%
022 Rapasdepic
91%
016 Roucool
90%
017 Roucoups
90%
018 Roucarnage
89%
026 Raichu
88%
111 Rhinocorne
88%
005 Reptincel
87%
464 Rhinastoc
86%
112 Rhinoféros
85%
486 Regigigas
80%
379 Registeel
80%
074 Racaillou
79%
378 Regice
79%
377 Regirock
79%
143 Ronflex
79%
243 Raikou
78%
504 Ratentif
78%
039 Rondoudou
78%
045 Rafflesia
77%
199 Roigada
76%
894 Regieleki
75%
500 Roitiflam
75%
384 Rayquaza
74%
895 Regidrago
74%
369 Relicanth
74%
079 Ramoloss
73%
447 Riolu
71%
315 Rosélia
69%
407 Roserade
68%
643 Reshiram
66%
819 Rongourmand
66%
820 Rongrigou
66%
406 Rozbouton
66%
223 Rémoraid
64%
528 Rhinolove
60%
529 Rototaupe
57%
990 Roue-de-Fer
56%
294 Ramboum
55%
451 Rapion
55%
1005 Rugit-Lune
55%
744 Rocabot
52%
697 Rexillius
51%
654 Roussil
51%
743 Rubombelle
50%
828 Roublenard
48%
368 Rosabyss
46%
1022 Roc-de-Fer
42%
988 Rampe-Ailes
40%
Aucun quiz correspondant
Distribution des résultats
% des personnes avec chaque résultat
Percentile par nombre de réponses
Votre historique - résultats
Vous n’avez pas pris ce quiz depuis la dernière actualisation